[Event "Tata Steel-A 76th"]
[Site "Wijk aan Zee"]
[Date "2014.01.21"]
[Round "8"]
[White "Karjakin, Sergey"]
[Black "Gelfand, Boris"]
[Result "1-0"]
[WhiteElo "2759"]
[BlackElo "2777"]
[Annotator "Karjakin,S"]
[PlyCount "119"]
[EventDate "2014.01.11"]
[EventType "tourn"]
[EventRounds "11"]
[EventCountry "NED"]
[EventCategory "20"]
[SourceTitle "CBM 159"]
[Source "ChessBase"]
[SourceDate "2014.03.17"]
[SourceVersion "1"]
[SourceVersionDate "2014.03.17"]
[SourceQuality "1"]

1. e4 c5 2. Nf3 d6 {Before this game there was a rest day on which I spent
approximately five hours preparing 2...Nc6, and although I also thought about
preparing for the Najdorf I rejected the latter idea without much thought. 
Vor dieser Partie gab es einen Ruhetag, an dem ich ungefähr fünf Stunden auf
die Vorbereitung von 2...Nc6 verwendete, und obwohl ich auch daran dachte,
mich für Najdorf zu präparieren, verwarf ich diese Idee ohne größeres
Nachdenken.} 3. d4 cxd4 4. Nxd4 Nf6 5. Nc3 a6 6. h3 {Two years previously I
had tried 6.Be3 against Boris, but, to tell the truth, unsuccessfully. Zwei
Jahre zuvor hatte ich gegen Boris 6.Be3 ausprobiert, aber, ehrlich gesagt,
ohne Erfolg.} e5 7. Nde2 h5 {The most fashionable continuation! Black does not
allow his opponent to play g4 and ties in the white forces.  Die modischste
Erwiderung! Schwarz lässt den Gegner nicht zu g4 kommen und bindet die weißen
Kräfte.} 8. g3 b5 {This is by far not the most popular, but quite a serious
counter! Black would like to develop his pieces very comfortably and if White
wants to fight for a superiority he has to set about matters energetically! 
Das ist bei weitem nicht die populärste, aber eine ziemlich strenge
Entgegnung! Schwarz möchte mit allen Annehmlichkeiten die Figuren entwickeln
und wenn Weiß um Übergewicht kämpfen will, muss er energisch zu Werke gehen!}
9. Bg5 {Since this position has not been explored, only future practice will
show what the most precise setups are for both sides. Over the board it seemed
logical to me to fight for the d5-square. Da diese Position nicht erforscht
ist, wird erst die weitere Praxis zeigen, welche die genauesten Aufstellungen
für beide Seiten sind. Am Brett erschien es mir logisch, um den Punkt d5 zu
kämpfen.} Nbd7 10. Nd5 Bb7 11. Nec3 Rc8 12. Bg2 ({At the board, after Auf} 12.
h4 {I feared befürchtete ich am Brett} Qa5 $5 {intending to meet mit der Idee}
13. b4 {with mit} Nxd5 $5 14. bxa5 Nxc3 15. Qc1 Bxe4 16. Rh2 d5 {after which
the position seemed totally unclear to me. Black has two knights and a pawn
for the queen, but White's pieces are scattered, the h2-rook is out of play
and I was afraid of going in for this line. zu beantworten, wonach mir die
Position völlig unklar zu sein schien. Schwarz hat zwei Springer und einen
Bauern für die Dame, aber die weißen Figuren sind zerstreut, der Turm h2 ist
außer Spiel und mich darauf einzulassen, machte mir Angst.}) 12... Be7 13. Nxe7
Qxe7 14. h4 {Played with the intention of bringing the bishop to h3 at some
point or other. Mit der Idee gespielt, in irgendeinem Moment den Läufer nach
h3 zu bringen.} Nb6 {Fighting for the centre and preparing to ensconce the
knight on c4.  Kämpft um das Zentrum und bereitet die Einnistung des Springers
auf c4 vor.} 15. Qd3 {Here long castling seemed logical to me, in order to
take advantage of the vulnerability of the d6-pawn. Hier erschien mir die
lange Rochade logisch, um mir die Verwundbarkeit des Bauern d6 zunutze zu
machen.} Qc7 ({Perhaps it made sense to complete development with Vielleicht
war es sinnvoll, mit} 15... O-O {Then die Entwicklung zu vollenden. Es könnte}
16. O-O-O b4 17. Nd5 Bxd5 18. exd5 Rc5 {could follow with unclear play. mit
unklarem Spiel folgen.}) 16. Bh3 ({Serious consideration needed to be given to
Ernsthafte Aufmerksamkeit verdiente} 16. Bxf6 gxf6 17. O-O $1 {By destroying
his opponent's structure and hiding hs own king in a safe place, White can
count on a slight advantage. For example, b4 could be simply met with Nd1 and
the transfer of the knight to e3. Indem er dem Gegner die Struktur zerrüttet
und seinen eigenen König an einem sicheren Ort versteckt, kann Weiß auf einen
kleinen Vorteil rechnen. Beispielsweise ließe sich b4 mit einfach Nd1 und
Überführung des Springers nach e3 beantworten.}) 16... Rb8 ({Here it made
sense to remove the king's knight from the threat: Hier war es sinnvoll, den
Königsspringer der Bedrohung zu entziehen:} 16... Nfd7 $1 17. O-O-O b4 18. Nd5
Bxd5 19. exd5 {with complicated play. mit kompliziertem Spiel.}) 17. Bxf6 gxf6
18. O-O-O {At this point I was satisfied with the results of the opening.
Boris was already starting to suffer from a slight lack of thinking time. The
black king can no longer find a safe refuge on either side of the board. Hier
war ich mit den Ergebnissen der Eröffnung zufrieden. Boris begann bereits,
unter einem leichten Mangel an Bedenkzeit zu leiden. Der schwarze König wird
an keinem Flügel mehr sicheren Unterschlupf finden.} b4 (18... Ke7 19. Kb1 {
does not get rid of Black's problems. entledigt den Schwarzen nicht seiner
Probleme.}) 19. Nd5 Nxd5 {The exchange of all the minor pieces in no way
brings any relief to Black, but rather increases his problems with his king.
Der Tausch sämtlicher Leichtfiguren verschafft Schwarz keineswegs
Erleichterung, sondern vertieft seine Probleme mit dem König eher noch.} ({
He had to play Notwendig war} 19... Bxd5 20. exd5 Qc4 {and White has the
pleasant choice between und Weiß hat die angenehme Wahl zwischen} 21. Kb1 $5 ({
and oder} 21. Qxc4 Nxc4 22. Rd3) 21... Qxd3 22. cxd3 Na4 (22... Nxd5 23. d4)
23. Bf5 {In both cases with a slight superiority. . In beiden Fällen mit
geringem Übergewicht.}) 20. exd5 Bc8 21. f4 Bxh3 $6 ({Perhaps Vielleicht war} 
21... a5 {was the lesser evil. There Black retains chances of a successful
defence. das kleinere Übel. Schwarz behält hier Chancen auf eine erfolgreiche
Verteidigung.}) 22. Rxh3 $14 {Here White is clearly better and has a rather
simple game. The rooks are transferred to f1 and f2. Then it is impossible to
see what Black can do about his exposed king. At the same time Boris had less
than 20 minutes left on his clock here. My mood was pretty optimistic at this
point. Hier steht Weiß klar besser und hat ein ziemlich einfaches Spiel. Die
Türme werden nach f1 und f2 überführt. Dann ist nicht zu sehen, was Schwarz
mit seinem offenen König machen soll. Zudem hatte Boris hier weniger als 20
Minuten auf der Uhr. Ich war hier schon ziemlich optimistisch gestimmt.} Kf8 {
Perhaps not the best but it is hard to suggest anything better for Black.
Vielleicht nicht das beste, aber es ist schwer, Schwarz etwas Klügeres
vorzuschlagen.} ({After Auf} 22... Rc8 {, for example, ist beispielsweise} 23.
Rh2 Qc4 24. Qf5 {with a major advantage is unpleasant. mit großem Vorteil
unangenehm.}) 23. fxe5 fxe5 24. Rh2 Kg7 25. Rf2 Rh6 26. Qxa6 $6 {In Boris'
time trouble I let myself be drawn into winning this pawn; I should have
simply followed my plan with Rfdf1 and I would have been able to achieve a
great advantage! In der Zeitnot von Boris ließ ich mich zu diesem Bauerngewinn
hinreißen, dabei hätte ich mit Rdf1 einfach meinem Plan folgen und damit
großen Vorteil erzielen können!} (26. Rdf1 $1) 26... b3 $1 {Boris finds the
best chance!  Boris findet die beste Chance!} 27. axb3 Rxb3 28. Qc6 {An
inaccuracy, but the position has already become sharper. Eine Ungenauigkeit,
aber die Stellung hat sich bereits verschärft.} Qa7 29. Rxf7+ Qxf7 30. cxb3 Rg6
$2 {An imperceptible error, after which White's superiority becomes
threatening. After the correct Ein unmerklicher Fehler, nach dem das
Übergewicht von Weiß bedrohliche Ausmaße annimmt. Nach dem korrekten} (30...
Rf6 $1 31. b4 Qg6 {White would have regretted his overweening greed for pawns!
Thanks to the activity of his pieces Black would have levelled the game. hätte
Weiß seinen überflüssigen Appetit auf Bauern bedauert! Denn dank der Aktivität
seiner Figuren hätte Schwarz das Spiel ausgeglichen.}) 31. b4 Qf3 ({The final
chance consisted of Die letzte Chance bestand in} 31... Qf2) 32. Qc3 Qf2 33.
Rd3 Rf6 34. Kb1 Qg1+ 35. Ka2 {The white king finds a comfortable hiding place
on b3 and all in all the remainder of the game is a matter of technique. Der
weiße König verbirgt sich komfortabel auf b3 und im Großen und Ganzen ist der
Rest der Partie eine Sache der Technik.} Qa7+ 36. Kb3 Rf1 {The last chance.
Black would like to get on to the a-file ith his rook. Fortunately, in time
trouble I managed to find a strong idea with which I forced the exchange of
queens.  Die letzte Chance: Schwarz möchte mit dem Turm auf die a-Linie
gelangen. Zum Glück gelang es mir in Zeitnot eine starke Idee zu finden, mit
der ich den Abtausch der Damen erzwinge.} 37. Rf3 Ra1 38. Qe3 $1 Qxe3+ (38...
Qa4+ 39. Kc3 $18 {and Black does not have a single check, whereas White moves
on to the decisive attack! und Schwarz hat kein einziges Schach, während Weiß
zum entscheidenden Angriff übergeht!}) 39. Rxe3 {The resulting endgame is
completely won for White. I missed out on the five forced wins, but at least
victory did not slip between my fingers! Das entstandene Endspiel ist
vollkommen gewonnen für Weiß. Ich vergab noch um die fünf forcierten Gewinne,
aber zumindest glitt mir der Sieg nicht aus der Hand!} Kg6 40. b5 Ra8 41. Kb4
Rb8 42. Rf3 (42. Ka5 $1 Kf5 43. b6 e4 44. Ka6 Ke5 45. Ka7 Rg8 46. b7 Kxd5 47.
b8=Q Rxb8 48. Kxb8 {was far simpler... war weitaus einfacher...}) 42... e4 43.
Rf1 e3 44. Kc4 (44. b3 {with zugzwang was simpler, for example: mit Zugzwang
war einfacher, zum Beispiel:} Re8 45. b6 e2 46. Re1 Kf5 47. Kb5 Kg4 48. b7 Kf3
49. Kc6 Kf2 50. Rxe2+ Kxe2 51. Kxd6 $18) 44... Rc8+ 45. Kd3 Rc5 46. b4 Rxd5+
47. Kxe3 Rxb5 48. Rf4 {Black was able to recover the pawn with my help, but
nevertheless White wins without any particular trouble in view of the black
king being cut off. Unter meiner Mithilfe konnte Schwarz den Bauern
zurückgewinnen, aber dennoch gewinnt Weiß im Hinblick auf den abgeschnittenen
schwarzen König ohne besondere Mühe.} d5 49. Kd3 Rb7 50. Kc2 Rb8 51. Kc3 Rb7
52. Rf8 Rc7+ 53. Kb3 Rd7 54. b5 d4 55. Kc2 d3+ ({The final subtlety was Die
letzte Feinheit bestand in} 55... Rb7 56. Rg8+ Kf5 57. Kd3 $1 {with an easy
win. mit leichtem Gewinn.}) 56. Kd2 Rd5 57. Rg8+ Kh6 58. Rg5 Rd4 59. Rc5 Kg6
60. b6 {Black resigned! Omitting the fact that Boris was clearly not in form
in this tournament, I take great satisfaction every time that I beat him. I am
certain that in the future he will entertain his fans more than once with his
striking play!   Schwarz gab auf! Ungeachtet der Tatsache, dass Boris in
diesem Turnier deutlich nicht in Form war, verschafft mir jeder Sieg über ihn
große Genugtuung. Ich bin mir sicher, dass er seine Anhänger auch in Zukunft
mehr als einmal mit seinem markanten Spiel erfreuen wird!} 1-0

[Event "Norway Chess 2nd"]
[Site "Stavanger"]
[Date "2014.06.07"]
[Round "4"]
[White "Karjakin, Sergey"]
[Black "Grischuk, Alexander"]
[Result "1-0"]
[WhiteElo "2771"]
[BlackElo "2792"]
[Annotator "Krasenkow,M"]
[PlyCount "107"]
[EventDate "2014.06.03"]
[EventType "tourn"]
[EventRounds "9"]
[EventCountry "NOR"]
[EventCategory "21"]
[SourceTitle "CBM 161"]
[Source "ChessBase"]
[SourceDate "2014.07.16"]
[SourceVersion "1"]
[SourceVersionDate "2014.07.16"]
[SourceQuality "1"]

1. d4 Nf6 2. c4 g6 3. Nc3 d5 4. cxd5 Nxd5 5. e4 Nxc3 6. bxc3 Bg7 7. Be3 c5 8.
Rc1 Qa5 9. Qd2 O-O 10. Nf3 Bg4 11. Ng5 Na6 $5 {A rare but interesting
continuation.} (11... cxd4 12. cxd4 Qxd2+ ({or} 12... Nc6) 13. Kxd2 Nc6 {
is usually played - see e.g. Yermolinsky-Svidler in CBM 69. Here is a more
recent example:} 14. h3 Bd7 15. d5 Na5 16. Bd3 h6 17. Nf3 e6 18. Bc5 Rfc8 19.
Bb4 b6 20. d6 e5 21. Ba6 Rxc1 (21... Rc6 $1) 22. Rxc1 Rd8 23. Ke2 (23. Rc7 $142
) 23... Be6 24. Rc7 Bf8 25. Nxe5 Bxd6 26. Bxd6 Rxd6 27. a3 Rd4 28. Bd3 Ra4 29.
Rxa7 Rxa3 $11 {1/2 (39) Kuljasevic,D (2564)-Sivuk,V (2467) Paleochora 2012})
12. h3 (12. d5 c4 $5) 12... Bd7 13. Bd3 (13. Be2 Rac8 14. d5 c4 15. Bd4 Bxd4 (
15... Bh6 $1 {[%cal Rf7f6] is even stronger}) 16. Qxd4 {0-1 (57) Danner,G 
(2435)-Boros,D (2402) Budapest 2005} Qb6 $5 $11) 13... Rac8 14. d5 c4 {[%mdl 4]
A typical continuation after d4-d5, not allowing White to strengthen his pawn
chain with c3-c4. At the same time Black frees the c5-square for his knight.}
15. Bb1 Nc5 {Black has fully solved his opening problems.} 16. Bd4 (16. O-O
Rfd8 (16... Nd3 $5 17. Bxd3 cxd3 18. Qxd3 Bxc3 {[%cal Rd7b5] is even stronger,
with an excellent position for Black}) 17. f4 f6 18. Nf3 f5 19. Bd4 Nxe4 20.
Bxe4 fxe4 21. Bxg7 Kxg7 22. Qd4+ Kg8 23. Qxe4 {1/2 (23) Jacimovic,D (2487)
-Sakaev,K (2648) Paide 1999}) 16... Bxd4 (16... Bh6 $5 17. Be3 (17. f4 f6 18.
Nf3 e5 19. dxe6 Nxe6 $36) 17... f6 $5 18. Nf3 Bxe3 {0-1 (44) Moussa,A (2196)
-Kaufman,L (2413) Irvine 2010} 19. Qxe3 e5 $13) 17. cxd4 $6 (17. Qxd4 Nd3+ 18.
Bxd3 cxd3 19. O-O Bb5 20. c4 Qa4 21. Qxd3 Bxc4 22. Qd4 $11) 17... c3 $1 18.
Rxc3 Nd3+ $1 19. Rxd3 Rc1+ 20. Ke2 Qxd2+ 21. Kxd2 Rxh1 {Black has won an
exchange. White's pawn centre doesn't fully compensate for his material
deficit.} 22. Rb3 b5 $6 {Premature. Black wants to make use of his queenside
pawn advantage but doesn't succeed and only weakens the c5-square.} (22... b6
$142) 23. Nf3 {[%cal Rf3e5]} f6 24. Ne1 $1 a5 25. Rc3 $1 Rc8 26. Rc5 b4 $6 {
Another premature advance but Black has already lost most of his advantage, e.
g.} (26... Kf8 27. Bd3 Rb8 28. Rc7 Be8 29. e5 f5 30. Be2 $132 {[%cal Ye1d3]})
27. Bd3 a4 28. Ra5 b3 29. axb3 axb3 30. Ra7 Rd8 (30... b2 31. Rxd7 Rc1 32. Rb7
Rhxe1 33. Rxb2 Red1+ 34. Ke2 Re1+ $11) 31. Rb7 {Instead of queening his pawn,
Black just loses it.} Ra8 32. Rxd7 (32. Rxb3 Ra2+ 33. Nc2 {was quite possible.
Well, after} Ba4 {Black's counterplay should be enough for a draw.}) 32... Ra2+
33. Kc3 Rxe1 34. Kxb3 Rxf2 (34... Rd2 {is more accurate; White has to force a
draw with a few exact moves:} 35. Bc4 (35. Kc3 $143 Rxf2 36. Rxe7 Rc1+ 37. Kb3
Rd2) 35... Kf8 (35... Rxe4 36. d6+ e6 37. d5 $1 Rxc4 $1 (37... exd5 38. Kc3 $3
Rd1 39. Bb3) 38. Kxc4 Rxd5 $11) 36. Kc3 Rxf2 37. Rd8+ Kg7 38. Rd7 $11 Rxe4 $2
39. d6) 35. Rxe7 {[%csl Gd5] The position has sharpened. Now all three results
are possible. Still, it is easier to play for White, who has a formidable
passed pawn.} Re3 36. Kc4 Rd2 37. Bb1 Rb2 $2 {An obvious move... and a
decisive mistake! Black has no time to capture White's bishop.} (37... Re1 $142
38. d6 (38. Kc3 Rxg2 39. d6 Rc1+ 40. Kd3 Rd1+ $11 41. Ke3 $2 Rxb1 42. d7 $4
Rb3+ 43. Kf4 Rf2+ 44. Kg4 h5+ 45. Kh4 Rf4#) 38... Red1 $1 39. Kc5 Rxb1 (39...
Rxd4 $2 40. Ba2+ Kf8 41. Bd5) 40. d7 Rc2+ 41. Kd6 Rb6+ 42. Kd5 Rb5+ $11) 38. d6
Kf8 $8 39. Bd3 (39. Rxh7 Ke8 40. Bd3 {was even stronger:} Rxg2 (40... Rd2 41.
Bf1 Re1 42. Kc3 $18) (40... Kd8 41. Kd5 $1 Rxd3 42. Ke6 $18) 41. Bf1 Rg5 42. h4
Rh5 43. Rxh5 gxh5 44. Kd5 {, and White should win}) 39... Rd2 40. Bf1 Ra3 (
40... Re1 $142 $1 {keeping some practical drawing chances. Here is a possible
line indicated by GM Vitaly Golod:} 41. Kc3 (41. Rxh7 Rc1+ 42. Kd5 Rcd1) 41...
Rdd1 42. Bb5 Rc1+ 43. Kb4 Red1 44. d5 Rc8 $1 45. Rc7 Rb8 46. Kc5 Rc1+ 47. Kd4
Rd1+ 48. Ke3 Rd8 49. d7 Rb1 50. Rc8 Ke7 51. d6+ Kxd6 52. Rxd8 Rxb5 53. Rf8 Kxd7
54. Rxf6 {- this rook ending should be winning for White after all.}) 41. Kb4 (
41. e5 $142 $1 {The point is that} Ra4+ 42. Kc3 Raxd4 ({or} 42... Rdxd4 43. Bb5
fxe5 44. Re8+ Kf7 45. Bxa4 Rxa4 46. d7) {doesn't work due to} 43. e6 $1 Rxd6
44. Rf7+ Kg8 45. Rxf6 {, and Black can't stop e6-e7}) 41... Ra1 42. Bc4 Rc1 (
42... Rxd4 43. Kc5 Rdd1 44. Rf7+ Ke8 45. Rxf6 Rac1 46. e5 $18 {[%csl Gd6,Ge5]})
43. Rf7+ Ke8 44. d7+ Kd8 45. Kc5 {[%cal Rc5d6] Threatening 46.Kd6 Rxd4+ 47.Bd5.
} Kc7 (45... Rb2 46. e5) 46. Rxh7 Rcd1 47. d5 Rc1 48. g4 g5 49. d8=Q+ $1 Kxd8
50. Kd6 {White's king, rook, bishop and d-pawn, acting cohesively, easily
decide the game.} Ke8 51. Bb5+ Kf8 52. Ke6 Re1 53. Kxf6 Rf2+ 54. Kg6 (54. Kg6
Rxe4 55. Rh8+ Ke7 56. Re8+ $18) 1-0